00478pab a2200157 454500008004000000100002100040245011100061260000900172300001200181362000800193650001600201650002300217700002300240700001900263773003800282180718b1999 xxu||||| |||| 00| 0 eng d aSen, Dilip Kumar aA framework for thought on investment environment in SAARC nations with particular reference to Bangladesh c1999 ap.70-86 aMar aEnvironment aForeign investment aPaul, Arun Prashad aJain, Sugan C. aJournal of Accounting and Finance